00732nam a2200217 i 4500003000900000005001700009007000300026008004100029020001500070040003000085082001200115100004700127245004000174264008000214300002800294336002700322337003400349338002800383490003300411500007000444DO-SdBNP20240708152649.0ta240708b2006 pr 00| 0 spa d a0847704254 aDO-SdBNPbspacBNPHUerda 4222bJ94 aJuliá Marín, Ramónd1878-1917eautor13aLa Gleba /cRamón Juliá Marín aSan Juan, Puerto Rico : bLa Editorial, Universidad de Puerto Rico, c2006. a342 páginas :c21 cm. 2rdacontentatextobtxt 2rdamediaasin mediaciónbnc 2rdacarrieravolumenbnc1 aClásicos no tan clásicos aIncluye datos biografícos del autor en la solapa de la portada.